[Event "MPL-1 Indian Chess Tour 2022"]
[Site "Online"]
[Date "2022.03.27"]
[Round "9.8"]
[White "Lalith Babu M R"]
[Black "Puranik, Abhimanyu"]
[Result "0-1"]
[WhiteElo "2563"]
[BlackElo "2618"]
[Annotator "RC"]
[PlyCount "144"]
[EventDate "2022.03.30"]
[EventType "tourn"]
[EventCountry "NET"]
[SourceTitle "playchess.com"]
[Source "ChessBase"]
[SourceQuality "1"]
[TimeControl "5400+30"]

1. c4 {[%emt 1:15:40]} c5 {[%emt 1:15:40]} 2. Nc3 {[%emt 0:00:23]} Nf6 {[%emt 0:00:22]} 3. g3 {[%emt 0:00:20]} Nc6 {[%emt 0:00:32]} 4. Bg2 {[%emt 0:00:21]} g6 {[%emt 0:00:22]} 5. a3 {[%emt 0:00:28]} Bg7 {[%emt 0:00:46]} 6. Rb1 {[%emt 0:00:21]} e6 {[%emt 0:01:22]} 7. b4 {[%emt 0:00:22]} cxb4 {[%emt 0:00:22]} 8. axb4 {[%emt 0:00:21]} d5 {[%emt 0:00:20]} 9. b5 {[%emt 0:00:47]} Ne7 {[%emt 0:00:28]} 10. cxd5 {[%emt 0:01:14]} exd5 {[%emt 0:00:23]} 11. d3 {[%emt 0:00:43]} d4 {[%emt 0:01:06]} 12. Na4 {[%emt 0:00:24]} Nfd5 {[%emt 0:01:00]} 13. Nf3 {[%emt 0:02:34]} Qa5+ {[%emt 0:00:57]} 14. Bd2 {[%emt 0:00:38]} Nc3 {[%emt 0:00:22]} 15. Bxc3 {[%emt 0:00:20]} dxc3 {[%emt 0:00:21]} 16. O-O {[%emt 0:00:23]} O-O {[%emt 0:00:22]} 17. Qc2 {[%emt 0:00:24]} Nd5 {[%emt 0:01:46]} 18. d4 {[%emt 0:05:42]} Bg4 {[%emt 0:05:12]} 19. e4 {[%emt 0:00:55]} Bxf3 {[%emt 0:02:49]} 20. Bxf3 {[%emt 0:00:22]} Nb6 {[%emt 0:00:21]} 21. Nxb6 {[%emt 0:01:12]} Qxb6 {[%emt 0:00:23]} 22. Qxc3 {[%emt 0:00:23]} Bxd4 {[%emt 0:00:21]} 23. Qb3 {[%emt 0:00:20]} Rac8 {[%emt 0:00:31]} 24. e5 {[%emt 0:01:02]} Rc5 {[%emt 0:01:28]} 25. Bd5 {[%emt 0:03:18]} Bxe5 {[%emt 0:00:23]} 26. Rfe1 {[%emt 0:00:26]} Bf6 {[%emt 0:01:01]} 27. Qf3 {[%emt 0:00:31]} Kg7 {[%emt 0:00:24]} 28. Bxb7 {[%emt 0:01:04]} Rf5 {[%emt 0:00:24]} 29. Qg2 {[%emt 0:00:30]} Rxf2 {[%emt 0:00:39]} 30. Qc6 {[%emt 0:00:21]} Qd4 {[%emt 0:01:38]} 31. Qd5 {[%emt 0:00:45]} h5 {[%emt 0:01:11]} 32. Qxd4 {[%emt 0:00:50]} Bxd4 {[%emt 0:00:23]} 33. Kh1 {[%emt 0:00:20]} h4 {[%emt 0:00:27]} 34. Re4 {[%emt 0:00:22]} Bf6 {[%emt 0:01:07]} 35. Kg1 {[%emt 0:00:50]} hxg3 {[%emt 0:00:22]} 36. hxg3 {[%emt 0:00:21]} Rd2 {[%emt 0:00:22]} 37. Rbe1 {[%emt 0:00:44]} Bd4+ {[%emt 0:00:43]} 38. Kf1 {[%emt 0:00:27]} Rf2+ {[%emt 0:01:11]} 39. Kg1 {[%emt 0:00:21]} Bb6 {[%emt 0:00:23]} 40. Kh1 {[%emt 0:00:30]} Rh8+ {[%emt 0:01:27]} 41. Rh4 {[%emt 0:00:21]} Rxh4+ {[%emt 0:00:21]} 42. gxh4 {[%emt 0:00:21]} Kh6 {[%emt 0:00:21]} 43. Re5 {[%emt 0:00:39]} Rf4 {[%emt 0:00:34]} 44. Kg2 {[%emt 0:00:45]} Rxh4 {[%emt 0:00:22]} 45. Bc6 {[%emt 0:00:21]} Rf4 {[%emt 0:00:23]} 46. Re8 {[%emt 0:00:22]} f5 {[%emt 0:00:24]} 47. Rg8 {[%emt 0:00:21]} Rf2+ {[%emt 0:00:26]} 48. Kg3 {[%emt 0:00:21]} Rd2 {[%emt 0:00:52]} 49. Rh8+ {[%emt 0:00:28]} Kg5 {[%emt 0:00:22]} 50. Rg8 {[%emt 0:00:22]} Bf2+ {[%emt 0:00:46]} 51. Kf3 {[%emt 0:00:25]} Bb6 {[%emt 0:00:26]} 52. Kg3 {[%emt 0:00:21]} Rd8 {[%emt 0:00:26]} 53. Rg7 {[%emt 0:00:27]} Kf6 {[%emt 0:00:29]} 54. Rh7 {[%emt 0:00:23]} Rd3+ {[%emt 0:00:24]} 55. Kg2 {[%emt 0:00:21]} g5 {[%emt 0:00:21]} 56. Rh8 {[%emt 0:00:21]} Rd2+ {[%emt 0:00:23]} 57. Kf1 {[%emt 0:00:24]} g4 {[%emt 0:00:23]} 58. Rf8+ {[%emt 0:00:24]} Ke5 {[%emt 0:00:26]} 59. Bb7 {[%emt 0:00:21]} g3 {[%emt 0:00:36]} 60. Rg8 {[%emt 0:00:22]} Rf2+ {[%emt 0:00:25]} 61. Ke1 {[%emt 0:00:21]} f4 {[%emt 0:00:45]} 62. Re8+ {[%emt 0:00:30]} Kd6 {[%emt 0:00:26]} 63. Rg8 {[%emt 0:00:22]} Ba5+ {[%emt 0:00:41]} 64. Kd1 {[%emt 0:00:21]} Kc5 {[%emt 0:00:27]} 65. Rg5+ {[%emt 0:00:25]} Kb4 {[%emt 0:00:28]} 66. Bc6 {[%emt 0:00:23]} Bb6 {[%emt 0:00:31]} 67. Ke1 {[%emt 0:00:22]} Kc3 {[%emt 0:00:27]} 68. Rg7 {[%emt 0:00:25]} Ra2 {[%emt 0:00:43]} 69. Kf1 {[%emt 0:00:22]} Rf2+ {[%emt 0:00:31]} 70. Ke1 {[%emt 0:00:21]} Bd4 {[%emt 0:00:23]} 71. Rg8 {[%emt 0:00:23]} Kd3 {[%emt 0:00:44]} 72. Rg6 {[%emt 0:01:08]} Bc3+ {[%emt 0:00:23]} 0-1

[Event "MPL-1 Indian Chess Tour 2022"]
[Site "Online"]
[Date "2022.03.27"]
[Round "10.1"]
[White "Sethuraman, S.P."]
[Black "Puranik, Abhimanyu"]
[Result "1/2-1/2"]
[WhiteElo "2619"]
[BlackElo "2618"]
[Annotator "RC"]
[PlyCount "152"]
[EventDate "2022.03.30"]
[EventType "tourn"]
[EventCountry "NET"]
[SourceTitle "playchess.com"]
[Source "ChessBase"]
[SourceQuality "1"]
[TimeControl "5400+30"]

1. e4 {[%emt 1:15:40]} e5 {[%emt 1:15:40]} 2. Nf3 {[%emt 0:00:23]} Nc6 {[%emt 0:00:25]} 3. Bb5 {[%emt 0:00:21]} a6 {[%emt 0:00:27]} 4. Ba4 {[%emt 0:00:21]} Nf6 {[%emt 0:00:21]} 5. d3 {[%emt 0:00:21]} Bc5 {[%emt 0:00:22]} 6. c3 {[%emt 0:00:22]} b5 {[%emt 0:00:25]} 7. Bb3 {[%emt 0:00:26]} d6 {[%emt 0:00:23]} 8. Bg5 {[%emt 0:00:26]} h6 {[%emt 0:00:30]} 9. Bh4 {[%emt 0:00:21]} g5 {[%emt 0:01:04]} 10. Bg3 {[%emt 0:00:23]} Bb6 {[%emt 0:00:27]} 11. a4 {[%emt 0:00:22]} Rb8 {[%emt 0:01:01]} 12. O-O {[%emt 0:00:36]} Qe7 {[%emt 0:00:33]} 13. Re1 {[%emt 0:01:02]} h5 {[%emt 0:01:35]} 14. h4 {[%emt 0:00:27]} Bg4 {[%emt 0:00:36]} 15. axb5 {[%emt 0:00:31]} axb5 {[%emt 0:00:23]} 16. Nbd2 {[%emt 0:01:40]} Rg8 {[%emt 0:00:42]} 17. d4 {[%emt 0:01:16]} Kf8 {[%emt 0:02:42]} 18. Qc2 {[%emt 0:01:41]} gxh4 {[%emt 0:02:25]} 19. Bxh4 {[%emt 0:01:53]} exd4 {[%emt 0:00:23]} 20. e5 {[%emt 0:02:39]} dxe5 {[%emt 0:02:09]} 21. Ng5 {[%emt 0:04:21]} Qd7 {[%emt 0:01:19]} 22. Nde4 {[%emt 0:01:35]} Nxe4 {[%emt 0:01:04]} 23. Qxe4 {[%emt 0:00:24]} f5 {[%emt 0:01:11]} 24. Qd5 {[%emt 0:02:16]} Qxd5 {[%emt 0:00:22]} 25. Bxd5 {[%emt 0:00:20]} Rg6 {[%emt 0:00:46]} 26. Bxc6 {[%emt 0:01:25]} Rxc6 {[%emt 0:00:26]} 27. Rxe5 {[%emt 0:00:21]} d3 {[%emt 0:01:32]} 28. Kh2 {[%emt 0:01:05]} Be2 {[%emt 0:01:15]} 29. Ne6+ {[%emt 0:01:04]} Kg8 {[%emt 0:00:57]} 30. Nf4 {[%emt 0:00:38]} Rc4 {[%emt 0:00:50]} 31. Bg5 {[%emt 0:00:49]} Bc5 {[%emt 0:01:49]} 32. g3 {[%emt 0:00:39]} Bd6 {[%emt 0:00:32]} 33. Rxf5 {[%emt 0:00:22]} Re8 {[%emt 0:01:01]} 34. Nxe2 {[%emt 0:00:26]} Rxe2 {[%emt 0:00:49]} 35. Rd1 {[%emt 0:00:22]} h4 {[%emt 0:00:23]} 36. Kh3 {[%emt 0:00:35]} hxg3 {[%emt 0:00:21]} 37. fxg3 {[%emt 0:00:20]} Rxb2 {[%emt 0:00:34]} 38. Rxd3 {[%emt 0:00:21]} Rc2 {[%emt 0:01:05]} 39. Bd2 {[%emt 0:00:32]} Re4 {[%emt 0:00:32]} 40. Rxb5 {[%emt 0:00:27]} Ra2 {[%emt 0:00:28]} 41. Rf5 {[%emt 0:00:39]} Kg7 {[%emt 0:00:30]} 42. Be3 {[%emt 0:00:51]} Kg6 {[%emt 0:00:26]} 43. Rg5+ {[%emt 0:00:21]} Kf6 {[%emt 0:00:21]} 44. Rg4 {[%emt 0:00:29]} Rxg4 {[%emt 0:00:46]} 45. Kxg4 {[%emt 0:00:21]} Be5 {[%emt 0:00:20]} 46. Bd4 {[%emt 0:00:35]} Ra4 {[%emt 0:00:30]} 47. Kf3 {[%emt 0:00:32]} Rc4 {[%emt 0:00:27]} 48. Bxe5+ {[%emt 0:00:46]} Kxe5 {[%emt 0:00:21]} 49. Re3+ {[%emt 0:00:24]} Kf5 {[%emt 0:00:23]} 50. Ke2 {[%emt 0:00:24]} c5 {[%emt 0:00:33]} 51. Kd3 {[%emt 0:00:37]} Rg4 {[%emt 0:00:21]} 52. Kc2 {[%emt 0:00:21]} Kf6 {[%emt 0:00:27]} 53. Kb3 {[%emt 0:00:24]} Kf5 {[%emt 0:00:22]} 54. Kc2 {[%emt 0:00:40]} Kf6 {[%emt 0:00:24]} 55. Kd3 {[%emt 0:00:34]} Kf5 {[%emt 0:00:21]} 56. Ke2 {[%emt 0:00:24]} Rc4 {[%emt 0:00:24]} 57. Kf3 {[%emt 0:00:24]} Kg5 {[%emt 0:00:24]} 58. Rd3 {[%emt 0:00:27]} Kf5 {[%emt 0:00:29]} 59. Ke2 {[%emt 0:00:27]} Kf6 {[%emt 0:00:39]} 60. Kd2 {[%emt 0:00:40]} Rg4 {[%emt 0:00:21]} 61. Kc2 {[%emt 0:00:25]} Ke5 {[%emt 0:00:27]} 62. Re3+ {[%emt 0:00:24]} Kf5 {[%emt 0:00:28]} 63. Kb3 {[%emt 0:00:34]} Kf6 {[%emt 0:00:22]} 64. Rf3+ {[%emt 0:00:41]} Ke5 {[%emt 0:00:26]} 65. Kc2 {[%emt 0:00:28]} Ke4 {[%emt 0:00:49]} 66. Rd3 {[%emt 0:00:29]} Ke5 {[%emt 0:00:36]} 67. Kd2 {[%emt 0:00:21]} Ke6 {[%emt 0:00:29]} 68. Rf3 {[%emt 0:00:23]} Ke5 {[%emt 0:00:37]} 69. Ke2 {[%emt 0:00:21]} Ke4 {[%emt 0:00:23]} 70. Kf2 {[%emt 0:00:24]} Ke5 {[%emt 0:00:36]} 71. Kf1 {[%emt 0:00:25]} Rg8 {[%emt 0:00:37]} 72. Kg2 {[%emt 0:00:27]} Ke4 {[%emt 0:00:25]} 73. Rf4+ {[%emt 0:01:03]} Kd3 {[%emt 0:00:21]} 74. Rf3+ {[%emt 0:00:25]} Ke4 {[%emt 0:00:29]} 75. Kf2 {[%emt 0:00:29]} Rg4 {[%emt 0:00:42]} 76. Kg2 {[%emt 0:00:37]} Rg8 {[%emt 0:00:23]} 1/2-1/2

[Event "MPL-1 Indian Chess Tour 2022"]
[Site "Online"]
[Date "2022.03.27"]
[Round "10.2"]
[White "Sankalp Gupta"]
[Black "Lalith Babu M R"]
[Result "1-0"]
[WhiteElo "2536"]
[BlackElo "2563"]
[Annotator "CH"]
[PlyCount "33"]
[EventDate "2022.03.30"]
[EventType "tourn"]
[EventCountry "NET"]
[SourceTitle "playchess.com"]
[Source "ChessBase"]
[SourceQuality "1"]

{[%evp 9,33,36,55,54,73,48,93,93,104,100,117,116,323,325,325,325,329,332,385,358,378,370,452,451,516,512]} 1. e4 e5 2. Nc3 Nc6 3. g3 {[%cal Bg2g3,Bg3g4][%mdl 32]} d6 4. Bg2 Be7 5. Nge2 Bg4 {[%cal Od6d5,Bc8g4,Bg4h5,Bh5g6][%mdl 32]} 6. h3 {C25: Vienna Game: Alternatives to 2...Nf6.} Bh5 {[#]} 7. d3 $146 ({Predecessor:} 7. O-O Nf6 8. g4 Bg6 9. f4 exf4 10. Nxf4 O-O 11. d4 Qd7 12. g5 Ne8 13. h4 {1-0 (21) Gasanov,E (2475)-Tarakanov,O (2123) Pardubice 2018}) 7... Nd4 8. g4 {White is better.} Nxe2 9. Qxe2 ({Stronger than} 9. gxh5 Nxc1 10. Rxc1 Bg5 $15) 9... Bg6 {[#]} 10. Be3 $1 Bg5 $2 (10... c6 $16) 11. Bxg5 $18 Qxg5 {[#]} 12. h4 $1 Qe7 13. h5 h6 14. hxg6 fxg6 15. O-O-O g5 16. Nd5 Qd7 17. d4 {White took control after the opening.  Weighted Error Value: White=0.03 (flawless) /Black=0.50} 1-0

[Event "MPL-1 Indian Chess Tour 2022"]
[Site "Online"]
[Date "2022.03.27"]
[Round "10.3"]
[White "Erigaisi Arjun"]
[Black "Iniyan, P."]
[Result "1-0"]
[WhiteElo "2633"]
[BlackElo "2516"]
[Annotator "RC"]
[PlyCount "61"]
[EventDate "2022.03.30"]
[EventType "tourn"]
[EventCountry "NET"]
[SourceTitle "playchess.com"]
[Source "ChessBase"]
[SourceQuality "1"]
[TimeControl "5400+30"]

1. d4 {[%emt 1:15:40]} Nf6 {[%emt 1:15:40]} 2. Nf3 {[%emt 0:00:22]} b6 {[%emt 0:00:24]} 3. Bg5 {[%emt 0:00:23]} Bb7 {[%emt 0:00:22]} 4. Nbd2 {[%emt 0:00:23]} e6 {[%emt 0:00:25]} 5. e4 {[%emt 0:00:24]} Be7 {[%emt 0:00:21]} 6. Bd3 {[%emt 0:00:26]} h6 {[%emt 0:00:58]} 7. Bxf6 {[%emt 0:01:33]} Bxf6 {[%emt 0:00:20]} 8. e5 {[%emt 0:00:21]} Be7 {[%emt 0:00:23]} 9. Be4 {[%emt 0:00:21]} c6 {[%emt 0:02:00]} 10. Qe2 {[%emt 0:00:42]} Qc7 {[%emt 0:00:23]} 11. O-O {[%emt 0:01:16]} d5 {[%emt 0:01:18]} 12. exd6 {[%emt 0:01:12]} Bxd6 {[%emt 0:00:21]} 13. Nc4 {[%emt 0:00:37]} Nd7 {[%emt 0:00:22]} 14. Nxd6+ {[%emt 0:00:48]} Qxd6 {[%emt 0:00:20]} 15. c4 {[%emt 0:00:20]} O-O {[%emt 0:00:47]} 16. Rac1 {[%emt 0:00:23]} Rac8 {[%emt 0:00:45]} 17. Qe3 {[%emt 0:00:35]} Rfd8 {[%emt 0:02:10]} 18. c5 {[%emt 0:00:24]} Qe7 {[%emt 0:00:24]} 19. Qa3 {[%emt 0:01:06]} a5 {[%emt 0:01:05]} 20. Rfe1 {[%emt 0:01:40]} bxc5 {[%emt 0:00:42]} 21. dxc5 {[%emt 0:00:20]} Nf6 {[%emt 0:00:20]} 22. Bc2 {[%emt 0:00:46]} Nd5 {[%emt 0:01:19]} 23. Ne5 {[%emt 0:01:16]} Qg5 {[%emt 0:00:48]} 24. g3 {[%emt 0:01:31]} Ba6 {[%emt 0:03:00]} 25. Qxa5 {[%emt 0:01:22]} Be2 {[%emt 0:00:23]} 26. Nxc6 {[%emt 0:01:49]} Nf4 {[%emt 0:03:14]} 27. h4 {[%emt 0:01:25]} Qf6 {[%emt 0:01:01]} 28. gxf4 {[%emt 0:00:24]} Qxf4 {[%emt 0:00:38]} 29. Qb4 {[%emt 0:01:07]} Bc4 {[%emt 0:00:21]} 30. Bh7+ {[%emt 0:00:41]} Kxh7 {[%emt 0:00:59]} 31. Rxc4 {[%emt 0:00:20]} 1-0

[Event "MPL-1 Indian Chess Tour 2022"]
[Site "Online"]
[Date "2022.03.27"]
[Round "10.4"]
[White "Adhiban, B.."]
[Black "Gupta, Abhijeet"]
[Result "0-1"]
[WhiteElo "2648"]
[BlackElo "2628"]
[Annotator "TA"]
[PlyCount "92"]
[EventDate "2022.03.30"]
[EventType "tourn"]
[EventCountry "NET"]
[SourceTitle "playchess.com"]
[Source "ChessBase"]
[SourceQuality "1"]

{[%evp 9,92,8,6,-4,16,0,0,-2,18,0,7,4,70,66,70,63,68,70,64,70,69,60,79,50,73,70,73,62,65,72,64,68,79,67,67,67,99,91,97,96,99,92,85,75,83,70,79,59,92,0,0,0,0,-19,0,-45,0,0,0,-18,-18,-13,-20,-20,-16,-19,-11,-72,-69,-59,0,-522,-516,-513,-502,-486,-473,-471,-464,-29973,-29975,-29975,-29976,-29974,-5276]} 1. c4 Nf6 2. Nc3 e5 3. Nf3 Nc6 4. e4 Bb4 5. d3 d6 6. Be2 {A28: English Opening: Four Knights Variation.} Bg4 7. O-O Bxf3 8. Bxf3 {The position is equal.} h6 {[#] Prevents Bg5.} 9. Kh1 $146 ({Predecessor:} 9. Be2 Bc5 10. Kh1 Nd4 11. f4 c6 12. Na4 Qe7 13. Bd2 b5 14. cxb5 cxb5 15. Nc3 {½-½ (58) Haring,F (2314)-Hrbek,S (2162) Skalica 2020}) 9... Bc5 10. Bg4 h5 (10... a5 $11) 11. Bh3 $14 Ng4 12. Bxg4 hxg4 13. Qxg4 Qd7 14. Qxd7+ (14. Qg5 {is interesting.} f6 15. Qg6+ Qf7 16. Qg4) 14... Kxd7 15. Be3 Nd4 16. Na4 Ne6 17. Nxc5+ dxc5 18. f4 exf4 19. Bxf4 Ke7 20. Rad1 Rad8 21. Be3 Rd7 22. Rf5 Rhd8 23. Rd5 ({Much weaker is} 23. Bxc5+ Nxc5 24. Rxc5 c6 $11) 23... c6 {[#]} 24. Rxd7+ Rxd7 $16 {[%mdl 4096] Endgame KRB-KRN} 25. Kg1 b5 26. b3 a5 27. Kf2 a4 28. Ke2 b4 29. h4 (29. bxa4 $16 {[%cal Oa2a3] a3! is the strong threat.} Ra7 30. Bf2) 29... axb3 $11 30. axb3 Ra7 {Inhibits Ra1.} 31. Rd2 Kd6 {[%mdl 1024] Black has compensation.} 32. Bf2 Ra1 33. Bg3+ Kd7 34. Bf2 Rb1 35. Ra2 Rxb3 {And now ...Ra3 would win.} 36. Ra7+ Ke8 {Strongly threatening ...Nf4+.} 37. Be3 {Inhibits Nf4+.} Rb1 38. e5 (38. Ra8+ $11 {remains equal.} Kd7 39. Ra7+ Kc8 40. g3 (40. Rxf7 b3 $15)) 38... b3 $17 39. Rb7 Kd8 ({Better is} 39... Nd4+ $15 40. Kd2 Rb2+ 41. Kd1 Rxg2 42. Bxd4 cxd4 43. Rxb3 Rh2) 40. Bd2 $2 {[%mdl 8192]} (40. Rxf7 $11 {and White stays safe.} Kc8 41. Rf2) 40... Kc8 $19 41. Rb6 Nd4+ 42. Ke3 Kc7 43. Ba5 {[#]} Ra1 $1 44. Ra6+ {[#]} (44. Rxb3+ $19 Rxa5 45. Rb1) 44... Rxa5 $1 {[%mdl 512] Black mates.} 45. Rxa5 b2 46. Ra7+ Kb8 {Weighted Error Value: White=0.44/Black=0.09 (flawless)} 0-1

[Event "MPL-1 Indian Chess Tour 2022"]
[Site "Online"]
[Date "2022.03.31"]
[Round "10.5"]
[White "Harika, Dronavalli"]
[Black "Sadhwani, Raunak"]
[Result "1-0"]
[WhiteElo "2517"]
[BlackElo "2616"]
[Annotator "RC"]
[PlyCount "113"]
[EventDate "2022.03.30"]
[EventType "tourn"]
[EventCountry "NET"]
[SourceTitle "playchess.com"]
[Source "ChessBase"]
[SourceQuality "1"]
[TimeControl "5400+30"]

1. c4 {[%emt 1:15:40]} e5 {[%emt 1:15:40]} 2. Nc3 {[%emt 0:00:23]} Nf6 {[%emt 0:00:26]} 3. Nf3 {[%emt 0:00:22]} Nc6 {[%emt 0:00:23]} 4. e4 {[%emt 0:00:22]} Bb4 {[%emt 0:00:55]} 5. d3 {[%emt 0:00:24]} d6 {[%emt 0:00:33]} 6. a3 {[%emt 0:00:22]} Bxc3+ {[%emt 0:00:53]} 7. bxc3 {[%emt 0:00:22]} O-O {[%emt 0:00:25]} 8. g3 {[%emt 0:00:22]} h6 {[%emt 0:00:23]} 9. Bg2 {[%emt 0:00:22]} Nh7 {[%emt 0:00:22]} 10. O-O {[%emt 0:00:40]} f5 {[%emt 0:00:57]} 11. exf5 {[%emt 0:01:16]} Bxf5 {[%emt 0:00:19]} 12. d4 {[%emt 0:02:53]} Qf6 {[%emt 0:02:43]} 13. Nh4 {[%emt 0:01:44]} Bd7 {[%emt 0:00:55]} 14. Bd5+ {[%emt 0:04:33]} Kh8 {[%emt 0:00:24]} 15. dxe5 {[%emt 0:01:51]} Nxe5 {[%emt 0:01:50]} 16. f4 {[%emt 0:00:22]} Bh3 {[%emt 0:02:09]} 17. Be3 {[%emt 0:01:19]} c6 {[%emt 0:03:45]} 18. Be4 {[%emt 0:02:37]} Nxc4 {[%emt 0:01:27]} 19. Bd4 {[%emt 0:00:23]} Qf7 {[%emt 0:00:31]} 20. Ng6+ {[%emt 0:00:53]} Kg8 {[%emt 0:00:23]} 21. Nxf8 {[%emt 0:00:22]} Nxf8 {[%emt 0:02:45]} 22. Re1 {[%emt 0:00:22]} Ne6 {[%emt 0:00:48]} 23. Qd3 {[%emt 0:00:45]} Nxd4 {[%emt 0:00:51]} 24. Qxd4 {[%emt 0:00:32]} d5 {[%emt 0:00:33]} 25. Bd3 {[%emt 0:01:15]} Nd6 {[%emt 0:00:22]} 26. Re5 {[%emt 0:00:31]} Bf5 {[%emt 0:01:32]} 27. Bxf5 {[%emt 0:00:44]} Nxf5 {[%emt 0:00:21]} 28. Qd3 {[%emt 0:00:30]} Rf8 {[%emt 0:00:21]} 29. Rae1 {[%emt 0:00:25]} h5 {[%emt 0:00:40]} 30. Qe2 {[%emt 0:00:57]} g6 {[%emt 0:01:16]} 31. Re8 {[%emt 0:00:45]} Rxe8 {[%emt 0:00:26]} 32. Qxe8+ {[%emt 0:00:21]} Kg7 {[%emt 0:00:20]} 33. a4 {[%emt 0:00:52]} Qf6 {[%emt 0:00:29]} 34. Re6 {[%emt 0:00:36]} Qf7 {[%emt 0:00:25]} 35. a5 {[%emt 0:00:23]} a6 {[%emt 0:00:36]} 36. Kf2 {[%emt 0:00:41]} Qxe8 {[%emt 0:00:25]} 37. Rxe8 {[%emt 0:00:21]} Kf7 {[%emt 0:00:20]} 38. Rb8 {[%emt 0:00:27]} Nd6 {[%emt 0:00:20]} 39. Ke2 {[%emt 0:00:57]} c5 {[%emt 0:00:30]} 40. Kd3 {[%emt 0:00:30]} Ke6 {[%emt 0:00:28]} 41. h3 {[%emt 0:00:32]} Kf5 {[%emt 0:00:43]} 42. Rf8+ {[%emt 0:00:22]} Ke6 {[%emt 0:00:21]} 43. g4 {[%emt 0:00:30]} hxg4 {[%emt 0:00:42]} 44. hxg4 {[%emt 0:00:21]} Ke7 {[%emt 0:00:29]} 45. Rg8 {[%emt 0:00:45]} Kf7 {[%emt 0:00:22]} 46. Rb8 {[%emt 0:00:22]} Ke6 {[%emt 0:00:25]} 47. Ke2 {[%emt 0:00:32]} Kf6 {[%emt 0:00:37]} 48. Kf3 {[%emt 0:00:32]} Ke6 {[%emt 0:00:21]} 49. Kg3 {[%emt 0:00:37]} Ne4+ {[%emt 0:00:30]} 50. Kf3 {[%emt 0:00:34]} Nd6 {[%emt 0:01:01]} 51. Rg8 {[%emt 0:00:25]} Kf7 {[%emt 0:00:25]} 52. Rh8 {[%emt 0:00:22]} Ke6 {[%emt 0:00:38]} 53. Rh6 {[%emt 0:00:31]} Kf7 {[%emt 0:00:37]} 54. f5 {[%emt 0:00:26]} Ne4 {[%emt 0:00:21]} 55. Rxg6 {[%emt 0:00:32]} Nxc3 {[%emt 0:00:20]} 56. Rb6 {[%emt 0:00:22]} d4 {[%emt 0:00:28]} 57. g5 {[%emt 0:00:28]} 1-0

[Event "MPL-1 Indian Chess Tour 2022"]
[Site "Online"]
[Date "2022.03.27"]
[Round "10.6"]
[White "Ganguly, Surya Shekhar"]
[Black "Gukesh D"]
[Result "1/2-1/2"]
[WhiteElo "2627"]
[BlackElo "2614"]
[Annotator "TA"]
[PlyCount "148"]
[EventDate "2022.03.30"]
[EventType "tourn"]
[EventCountry "NET"]
[SourceTitle "playchess.com"]
[Source "ChessBase"]
[SourceQuality "1"]

{[%evp 60,148,627,94,91,69,1613,1585,1562,1505,1417,1388,1252,1245,1229,1203,1104,0,821,814,801,792,792,781,729,578,427,0,163,0,0,-144,-144,-141,-144,-8,27,-81,-81,-81,-81,-91,-81,-83,-8,-14,0,0,0,0,0,0,0,0,0,0,0,0,0,0,0,90,0,0,0,0,0,0,0,0,0,0,0,0,0,0,0,0,0,0,0,0,0,0,0,0,0,0,0,0,0]} 1. c4 e6 2. Nf3 d5 3. e3 Nf6 4. Nc3 b6 5. b3 Bb7 6. Bb2 Nbd7 7. Rc1 a6 8. cxd5 exd5 9. Ne2 g6 10. g3 c5 11. Bg2 b5 12. O-O Bd6 13. d4 c4 14. Ne5 O-O 15. bxc4 bxc4 16. Qa4 Qc7 17. Nxd7 Nxd7 18. Ba3 Bc6 19. Bxd6 Qxd6 20. Qa5 Rfb8 21. Qd2 Rb4 22. Nc3 a5 23. e4 dxe4 24. Nxe4 Bxe4 25. Bxe4 Rc8 26. Rfe1 Nb6 27. h4 Na4 28. Qg5 Qxd4 29. Rcd1 Qc5 30. Bd5 Rf8 31. Re5 $2 (31. Re7 $18 {and White stays clearly on top.}) 31... Qb6 $16 32. h5 Nc3 $2 {[%mdl 8192]} (32... Rb1 $14 33. Rxb1 Qxb1+ 34. Kg2 Nb6) 33. Bxf7+ $1 $18 Kxf7 34. Rf5+ Kg8 35. Rxf8+ Kxf8 36. Rd8+ Kf7 37. Rd7+ Kg8 38. Rd8+ Kf7 $1 39. Qf4+ Ke7 40. Qf8+ Ke6 41. Re8+ Kd5 42. Qf3+ Kd6 43. Qf8+ $2 (43. Qxc3 Rb1+ 44. Re1 Rxe1+ 45. Qxe1 Qb4 46. Qd1+ Kc5 $15) (43. Qf6+ Kc5 44. Qe7+ (44. Qxc3 Rb1+ 45. Kh2 Rh1+ 46. Kxh1 Qc6+ 47. Kg1 Qxe8 $11) 44... Kb5 45. Qd7+ Qc6 46. Rb8+ (46. Re5+ Kb6 $17) 46... Kc5 47. Qe7+ Qd6 48. Rc8+ Kd5 49. Rd8) 43... Kd5 $1 $18 (43... Kd7 $2 44. Qf7+ Kc6 45. Re6+ Kc5 46. Qe7+ Kb5 47. Rxb6+ Kxb6 48. Qf6+ Kb5 49. Qxc3 $18) 44. Qf7+ $2 (44. Qf3+ Kd6 45. Qf6+ (45. Qxc3 Rb1+ 46. Re1 Rxe1+ 47. Qxe1 Qb4 $15) 45... Kc5 46. Qe7+ (46. Qxc3 Rb1+ 47. Kh2 Rh1+ 48. Kxh1 Qc6+ 49. Kg1 Qxe8 $11) 46... Kb5 47. Qd7+ Qc6 48. Rb8+ (48. Re5+ Kb6 $17) 48... Kc5 49. Qe7+ Qd6 50. Rc8+ Kd5 $18) (44. Kh2 $1 $18 Kd4 45. Qg7+ Kd3 46. Re3+ Qxe3 47. fxe3 gxh5 48. Qd4+ Kc2 49. a3) 44... Kd4 $1 $11 45. Qg7+ (45. hxg6 $1 $11 Rb1+ 46. Kh2) 45... Kd3 $17 46. Re3+ Qxe3 $1 47. fxe3 gxh5 48. Qxh7+ (48. a3 $11 Rb3 49. Qd4+ Kc2 50. Qxc4 Rxa3 51. Qc5 Ra1+ 52. Kg2) 48... Ne4 $17 ({Reject} 48... Kxe3 $6 49. Qa7+ Ke4 50. Qh7+ Ke3 51. Qa7+ Ke4 52. Qh7+ Ke3 $11) 49. Qxh5 c3 $1 50. Qd5+ Kxe3 51. Qxa5 {[#]} Rb1+ (51... c2 $1 $17 {[%cal Rc2c1]} 52. Qa3+ Ke2 53. Qxb4 c1=Q+ 54. Kh2 Qh6+ 55. Kg2 Qc6) 52. Kg2 $11 c2 53. Qa3+ Kd2 (53... Ke2 $5 54. Qa6+ Kd1 $11) 54. Qa5+ Nc3 (54... Ke2 $5 55. Qa6+ Ke3 56. Qa3+ Kd2 57. Qa5+ Nc3 58. Qg5+ Kd1 59. Qg4+ Ke1 60. Qe6+ Kd2 61. Qh6+ Ke2 62. Qe6+ Kd3 63. Qd6+ Kc4 64. Qf4+ Kd3 65. Qd6+ (65. Qf3+ Kd4 $11) 65... Ke3 66. Qf4+ Kd3 67. Qd6+ $11 (67. Qf3+ Kd4 $11)) 55. Qg5+ Kd1 56. Qg4+ $1 Ne2 57. Kf2 Kc1 58. Kxe2 Kb2 59. Qb4+ Kxa2 60. Qa4+ Kb2 61. Qb4+ Ka2 62. Qd2 Kb3 63. Qd3+ Kb2 64. Qd4+ Ka2 65. Qd5+ Kb2 66. Qb7+ Ka2 67. Qa7+ Kb2 68. Qb6+ $1 Ka2 69. Qa5+ Kb2 70. Qe5+ Ka2 71. Qd5+ Kb2 72. Qb5+ Ka2 73. Qa4+ Kb2 74. Qb4+ Ka2 1/2-1/2